The Venture of Islam: (Record no. 17724)

MARC details
000 -LEADER
fixed length control field 00995cam a2200289 i 4500
001 - CONTROL NUMBER
control field 1749634
003 - CONTROL NUMBER IDENTIFIER
control field BDDh-ASL
005 - DATE AND TIME OF LATEST TRANSACTION
control field 20231015025630.0
008 - FIXED-LENGTH DATA ELEMENTS--GENERAL INFORMATION
fixed length control field 750929s1974 ilub b 001 0 eng
010 ## - LIBRARY OF CONGRESS CONTROL NUMBER
LC control number 75325359
020 ## - INTERNATIONAL STANDARD BOOK NUMBER
International Standard Book Number 0226346811 :
Terms of availability $20.00
040 ## - CATALOGING SOURCE
Original cataloging agency DLC
Transcribing agency DLC
Modifying agency BDDh-ASL
043 ## - GEOGRAPHIC AREA CODE
Geographic area code aw-----
050 00 - LIBRARY OF CONGRESS CALL NUMBER
Classification number DS36.85
Item number .H63 vol. 3
Classification number DS62.4
082 00 - DEWEY DECIMAL CLASSIFICATION NUMBER
Classification number 297
Item number HOV
100 1# - MAIN ENTRY--PERSONAL NAME
Personal name Hodgson, Marshall G. S.
245 14 - TITLE STATEMENT
Title The Venture of Islam:
Remainder of title Conscience and History in a World Civilization, V-3- The Gunpowder Empires and Modern Times
Statement of responsibility, etc. Marshall G. S. Hodgson.
260 ## - PUBLICATION, DISTRIBUTION, ETC.
Place of publication, distribution, etc. Chicago :
Name of publisher, distributor, etc. University of Chicago Press,
Date of publication, distribution, etc. 1974.
300 ## - PHYSICAL DESCRIPTION
Extent vi, 469 p. :
Other physical details maps ;
Dimensions 24 cm.
490 0# - SERIES STATEMENT
Series statement His The venture of Islam ; v. 3
504 ## - BIBLIOGRAPHY, ETC. NOTE
Bibliography, etc. note Includes bibliographical references and index.
650 #0 - SUBJECT ADDED ENTRY--TOPICAL TERM
Topical term or geographic name entry element Islamic civilization.
651 #0 - SUBJECT ADDED ENTRY--GEOGRAPHIC NAME
Geographic name Middle East
General subdivision History
Chronological subdivision 1517-
651 #0 - SUBJECT ADDED ENTRY--GEOGRAPHIC NAME
Geographic name Middle East
General subdivision Civilization.
906 ## - LOCAL DATA ELEMENT F, LDF (RLIN)
a 7
b cbc
c orignew
d 2
e ncip
f 19
g y-gencatlg
942 ## - ADDED ENTRY ELEMENTS (KOHA)
Source of classification or shelving scheme Dewey Decimal Classification
Koha item type Books
Holdings
Withdrawn status Lost status Source of classification or shelving scheme Damaged status Not for loan Collection code Home library Current library Shelving location Date acquired Source of acquisition Total Checkouts Full call number Barcode Date last seen Copy number Price effective from Koha item type Public note
    Dewey Decimal Classification   Not For Loan Non-fiction Asiatic Society Library Asiatic Society Library Ludden Collection 09/07/2020 Donated by Prof. David Ludden   297 HOV 100843 09/07/2020 C-1 09/07/2020 Books RARE

Powered by Koha